Control of cyclamen and broad mites on Gerbera / (Record no. 9945)

MARC details
000 -LEADER
fixed length control field 01012cam a22002891a 4500
001 - CONTROL NUMBER
control field agr39000322
003 - CONTROL NUMBER IDENTIFIER
control field DLC
005 - DATE AND TIME OF LATEST TRANSACTION
control field 20260227110957.0
008 - FIXED-LENGTH DATA ELEMENTS--GENERAL INFORMATION
fixed length control field 850626s1939 dcua f000 0 eng c
010 ## - LIBRARY OF CONGRESS CONTROL NUMBER
LC control number agr39000322
035 ## - SYSTEM CONTROL NUMBER
System control number (OCoLC)12203946
040 ## - CATALOGING SOURCE
Original cataloging agency U.S. Dept. of agr. Library
Transcribing agency DSI
Modifying agency DNAL
-- DLC
050 00 - LIBRARY OF CONGRESS CALL NUMBER
Classification number SB608.G4
Item number S8
070 0# - NATIONAL AGRICULTURAL LIBRARY CALL NUMBER
Classification number 1
Item number Ag84C no.516
072 #0 - SUBJECT CATEGORY CODE
Subject category code F821
100 1# - MAIN ENTRY--PERSONAL NAME
Personal name Smith, Floyd F.
Fuller form of name (Floyd Franklin),
Dates associated with a name 1900-
245 10 - TITLE STATEMENT
Title Control of cyclamen and broad mites on Gerbera /
Statement of responsibility, etc. by Floyd F. Smith.
260 ## - PUBLICATION, DISTRIBUTION, ETC.
Place of publication, distribution, etc. Washington, D.C. :
Name of publisher, distributor, etc. U.S. Dept. of Agriculture,
Date of publication, distribution, etc. 1939.
300 ## - PHYSICAL DESCRIPTION
Extent 15 p. :
Other physical details ill. ;
Dimensions 24 cm.
490 1# - SERIES STATEMENT
Series statement Circular / United States Department of Agriculture ;
Volume/sequential designation no. 516
500 ## - GENERAL NOTE
General note Cover title.
500 ## - GENERAL NOTE
General note Contribution from Bureau of Entomology and Plant Quarantine.
650 #0 - SUBJECT ADDED ENTRY--TOPICAL TERM
Topical term or geographic name entry element Mites
General subdivision Control.
650 #0 - SUBJECT ADDED ENTRY--TOPICAL TERM
Topical term or geographic name entry element Cyclamen mite
General subdivision Control.
650 #0 - SUBJECT ADDED ENTRY--TOPICAL TERM
Topical term or geographic name entry element Gerbera
General subdivision Diseases and pests.
830 #0 - SERIES ADDED ENTRY--UNIFORM TITLE
Uniform title Circular (United States. Department of Agriculture) ;
Volume/sequential designation no. 516.

No items available.

Powered by Koha